Taylor Swift Dear John Lyrics - Statistics

General Stats
  • This quiz has been taken 4,796 times
  • The average score is 321 of 378
Answer Stats
Lyrics % Correct
I
99%
you
99%
You
99%
a
98%
Dear
98%
the
98%
John
97%
me
97%
to
97%
was
97%
your
97%
be
95%
Don't
95%
don't
95%
in
95%
it
95%
too
95%
go
94%
think
94%
young
94%
all
93%
All
93%
an
93%
girl
93%
now
93%
that
93%
And
92%
and
92%
dress
92%
see
92%
so
92%
with
92%
gone
91%
who
91%
home
90%
messed
90%
way
90%
you're
90%
my
89%
when
89%
cried
88%
were
88%
game
87%
on
87%
whole
87%
but
86%
But
86%
of
86%
Long
85%
long
85%
known
84%
nights
84%
should've
84%
by
83%
love
83%
around
81%
I'm
81%
days
80%
mother
79%
played
79%
revolved
79%
mind
78%
rules
78%
song
78%
back
77%
changed
77%
fine
77%
run
77%
twisted
77%
look
76%
losing
76%
once
76%
accused
75%
blue
75%
chess
75%
games
75%
at
74%
dark
74%
everyday
74%
expert
74%
is
74%
never
74%
sky
74%
sorry
74%
swore
74%
are
73%
fire
73%
loved
73%
paint
73%
turn
73%
wrong
73%
as
72%
this
72%
through
72%
again
71%
can
71%
fall
71%
girls
71%
why
71%
won't
71%
away
70%
blurry
70%
floor
70%
get
70%
impressed
70%
keeping
70%
let
70%
lines
70%
phone
70%
praying
70%
sad
70%
take
70%
give
69%
its
69%
nineteens
69%
over
69%
rain
69%
said
69%
sick
69%
up
69%
acing
68%
empty
68%
footsteps
68%
list
68%
tests
68%
them
68%
they
68%
version
68%
fast
67%
like
67%
lived
67%
need
67%
out
67%
tonight
67%
town
67%
understand
67%
which
67%
Wondering
67%
could
66%
fireworks
66%
maybe
66%
picking
66%
cause
65%
Counting
65%
might
65%
stopped
65%
before
64%
dry
64%
eyes
64%
name
64%
blind
63%
burned
63%
catch
63%
matches
63%
took
63%
traitors
63%
add
62%
blame
62%
I'll
62%
regret
62%
well
62%
Well
62%
ignored
61%
optimism
61%
you'll
61%
how
58%
tired
58%
lifeless
57%
or
57%
have
56%
wrote
48%
shinning
22%
eh
9%
No matching quizzes found
Score Distribution
Percent of People with Each Score
Percentile by Number Answered
Your Score History
You have not taken this quiz